[Event "Prague Pankrac Cup"]
[Site "Prague"]
[Date "2013.09.24"]
[Round "3"]
[White "Polasek, Jaroslav"]
[Black "Haba, Zdenek"]
[Result "1-0"]
[WhiteElo "2318"]
[BlackElo "2244"]
[PlyCount "83"]
[EventDate "2013.09.10"]
[EventType "swiss"]
[EventRounds "8"]
[EventCountry "CZE"]
[SourceTitle "EXT 2014"]
[Source "ChessBase"]
[SourceDate "2013.11.20"]
[SourceVersion "1"]
[SourceVersionDate "2013.11.20"]
[SourceQuality "1"]

1. e4 Nc6 2. Nc3 Nf6 3. d4 d6 4. d5 Nb8 5. f4 c6 6. Nf3 Qa5 7. Bd2 g6 8. dxc6 bxc6 9. Nd5 Qd8 10. Nxf6+ exf6 11. Bd3 Bg7 12. Bc3 0-0 13. 0-0 Na6 14. Bd4 Nb4 15. Bc4 Be6 16. Bb3 c5 17. Bc3 Qb6 18. Bxe6 fxe6 19. a3 Na6 20. Qd2 c4+ 21. Kh1 Nc5 22. Rfe1 Na4 23. Ba5 Qa6 24. f5 gxf5 25. exf5 e5 26. b3 cxb3 27. cxb3 Nc5 28. b4 Nb7 29. Qd5+ Kh8 30. Bc7 Rab8 31. b5 Qa4 32. Rec1 Bh6 33. Bxb8 Bxc1 34. Qxb7 Qd1+ 35. Ng1 Qd2 36. Qc6 Bb2 37. Qxd6 Qh6 38. Rd1 e4 39. Qf4 Qh5 40. Re1 Bd4 41. Qd6 Qe8 42. Qxd4 1-0